Budgeting on the metis of a shorter replanting period (Record no. 46624)

MARC details
000 -LEADER
fixed length control field 00324nam a2200121Ia 4500
100 ## - MAIN ENTRY--AUTHOR NAME
Personal name
245 #0 - TITLE STATEMENT
Title Budgeting on the metis of a shorter replanting period
260 ## - PUBLICATION, DISTRIBUTION, ETC. (IMPRINT)
Name of publisher RRIM Planters' Conference
Year of publication 1966
300 ## - PHYSICAL DESCRIPTION
Number of Pages 8p
700 ## - ADDED ENTRY--PERSONAL NAME
Personal name 6aSooi Choong
942 ## - ADDED ENTRY ELEMENTS (KOHA)
Koha item type Reprints
100 ## - MAIN ENTRY--AUTHOR NAME
-- Brlow Colin
Holdings
Withdrawn status Lost status Damaged status Not for loan Home library Current library Date acquired Serial Enumeration / chronology Koha item type
      Reprints RRII Library RRII Library 22/12/2021 Volume, Issue July Reprints